Arigato : Tokyo Designers Week /
La Tokyo Designers Week es un evento anual en el que se expone lo mejor del diseño mundial en los campos más diversos. En su edición de 2011 incluyó el Arigato Project, para agradecer la ayuda internacional recibida por Japón tras el terremeto que afectó al país en marzo de ese año. El programa apoy...
Guardado en:
| Institution som forfatter: | |
|---|---|
| Andre forfattere: | , , , , , , , |
| Format: | Procedimiento de la conferencia Bog |
| Sprog: | engelsk |
| Udgivet: |
Berlín, Alemania :
Gestalten,
2012, c2012
|
| Fag: | |
| Tags: |
Ingen Tags, Vær først til at tagge denne postø!
|
MARC
| LEADER | 00000nam^a2200000^a^4500 | ||
|---|---|---|---|
| 001 | 000326553 | ||
| 005 | 20250521000000.0 | ||
| 008 | 121121 20122012 | ||
| 009 | 20260310113811.126 | ||
| 020 | |a 978-3-89955-434-2 | ||
| 037 | |a Acervo ITESO - Biblioteca | ||
| 041 | |a ING | ||
| 082 | |a 709. |b TOK 2011 | ||
| 111 | |a Tokyo Designers Week ( |d 2011) | ||
| 245 | 1 | 0 | |a Arigato : |b Tokyo Designers Week / |c Tokyo Designers Week ; dir. artística de K. Kawasaki ; ed. y texto de Y. Ueno ; texto de S. Hosoda, A. Tsue, K. Kizawa ; fotografía de T. Hirokawa, L. Hayes, E. Sutasion ; tr. por Haruna Tsuda, Shizuka Kawasaki, Stephen Parker. |
| 264 | 4 | |a Berlín, Alemania : |b Gestalten, |c 2012, c2012 | |
| 300 | |a 239 p. | ||
| 336 | |a texto |b txt |2 rdacontenido | ||
| 337 | |a sin mediación |b n |2 rdamedio | ||
| 338 | |a volumen |b nc |2 rdasoporte | ||
| 520 | |a La Tokyo Designers Week es un evento anual en el que se expone lo mejor del diseño mundial en los campos más diversos. En su edición de 2011 incluyó el Arigato Project, para agradecer la ayuda internacional recibida por Japón tras el terremeto que afectó al país en marzo de ese año. El programa apoyó la restauración a través del diseño y el arte. | ||
| 585 | |a Exposición DIA 2022-10 / Sendero de crisantemos: una mirada a la cultura japonesa | ||
| 649 | |a XX | ||
| 650 | |a Terremoto, 2011 - |z Japón | ||
| 650 | |a Diseño - |x Exposiciones - |x Tema Principal | ||
| 650 | |a Diseño - |z Tokio, Japón - |x Exposiciones - |x Tema Principal | ||
| 650 | |a Diseño - |z Japón - |x Exposiciones | ||
| 650 | |a Diseño - |x Historia - |y 2010-2019 - |x Tema Principal | ||
| 650 | |a Diseño - |x Historia - |y Siglo XXI | ||
| 650 | |a Arte - |y 2010-2019 | ||
| 700 | |a Kawasaki, Kenji |e (dirección artística) | ||
| 700 | |a Ueno, Yumi |e (edición y texto) | ||
| 700 | |a Hosoda, Sachiko |e (texto) | ||
| 700 | |a Tsue, Akihiro |e (texto) | ||
| 700 | |a Kizawa, Kengo |e (texto) | ||
| 700 | |a Hirokawa, Taishi |e (fotógrafo) | ||
| 700 | |a Hayes, Luke |e (fotógrafo) | ||
| 700 | |a Sutasion, Egalite |e (fotógrafo) | ||
| 910 | |a Fondo General | ||
| 920 | |a Impresos - Libros | ||
| 930 | |a Reserva Especial | ||
| 905 | |a 103 | ||
| 901 | |a 0500215328 |b IT1 |c REE |i C134407 |u 20250521 | ||
| 902 | |a https://opac.biblio.iteso.mx/vufind/Record/000326553 | ||